International Arbitration in Theory & Practice / (Record no. 613372)
[ view plain ]
| 000 -LEADER | |
|---|---|
| fixed length control field | 00393nam a22001337a 4500 |
| 082 ## - DEWEY DECIMAL CLASSIFICATION NUMBER | |
| Classification number | 341.522 |
| Author Mark | CHA |
| 100 ## - MAIN ENTRY--PERSONAL NAME | |
| Personal name | Chaudhri, Mohammad Ahsen |
| 245 ## - TITLE STATEMENT | |
| Title | International Arbitration in Theory & Practice / |
| Statement of responsibility, etc. | Mohammad Ahsen Chaudhri |
| 260 ## - PUBLICATION, DISTRIBUTION, ETC. | |
| Place of publication, distribution, etc. | Karachi : |
| Name of publisher, distributor, etc. | Royal Book Company, |
| Date of publication, distribution, etc. | 1993. |
| 300 ## - PHYSICAL DESCRIPTION | |
| Extent | 154 p. |
| 563 ## - BINDING INFORMATION | |
| Binding note | HB. |
| 650 ## - SUBJECT ADDED ENTRY--TOPICAL TERM | |
| Topical term or geographic name entry element | Law, International Law |
| 942 ## - ADDED ENTRY ELEMENTS (KOHA) | |
| Source of classification or shelving scheme | |
| Koha item type | Book |
| 650 ## - SUBJECT ADDED ENTRY--TOPICAL TERM | |
| -- | 128106 |
| Withdrawn status | Lost status | Source of classification or shelving scheme | Damaged status | Not for loan | Permanent Location | Current Location | Date acquired | Total Checkouts | Full call number | Barcode | Date last seen | Price effective from | Koha item type | Source of acquisition |
|---|---|---|---|---|---|---|---|---|---|---|---|---|---|---|
| NUST Law School (NLS) | NUST Law School (NLS) | 03/18/2025 | 341.522 CHA | NLS-1447 | 03/18/2025 | 03/18/2025 | Book | |||||||
| NUST Law School (NLS) | NUST Law School (NLS) | 06/26/2025 | 341.522 CHA | NLS-2027 | 06/26/2025 | 06/26/2025 | Book | Pakistan Law House | ||||||
| NUST Law School (NLS) | NUST Law School (NLS) | 06/26/2025 | 341.522 CHA | NLS-2028 | 06/26/2025 | 06/26/2025 | Book | Pakistan Law House | ||||||
| NUST Law School (NLS) | NUST Law School (NLS) | 06/26/2025 | 341.522 CHA | NLS-2029 | 06/26/2025 | 06/26/2025 | Book | Pakistan Law House |
